00661nam a2200205 4500010001100000020001100011035001100022037001800033040001200051082001300063100002000076245010700096260004100203270003900244300002600283505002700309650005500336650003900391700002500430 a985693 c180.00 a985693 bCen Lib / Ret aDPLbEN a012bJIN aKhurshid, Anish aQuaid-i-Azam Mohammad Ali Jinnah :ban annotated bibliography /cby Anis Khurshid ; Ahmed Hasan Ansari aKarachibQuaid-i-Azam Academy,c1978 a297/JM 2, MA Jinnah RoadbKarachi  a(v 1. 403p)b24cm(Hb) av 1. Western Languages aJinnah, Mahomed Ali, -- 1876-1948 -- Bibliography. aJinnah, Mahomed Ali, -- 1876-1948. a Ansari, Ahmed Hasan